| 000 | 02201nam a22003017a 4500 | ||
|---|---|---|---|
| 001 | 000116881 | ||
| 003 | AM-YEHGA | ||
| 005 | 20250618071158.0 | ||
| 008 | 990622s1972 ru ||||| |||| 00| 0 rus d | ||
| 040 | _aAM-YeHGA | ||
| 041 | 0 | _arus | |
| 245 | 0 | 0 |
_aМатериалы первой сессии горного комитета МСОП и научной конференции по охране горных ландшафтов (21-28 июня, 1971 г. Ереван) / _cГорный комитет Междунар. союза охраны природы. Центр. лаб. по охране природы МСХ СССР. Науч. совет по охране природы АН АрмССР ; Редкол.: Х.П.Мириманян (отв. ред. ) и др. |
| 246 | 3 | 1 | _aProceedings of the First Session of the Mountain Committee of iucn and Scientific Conference on Conservation of Mountain Landscapes (Erevan, 21-28 June, 1971) |
| 246 | 3 | 1 | _aՆյութեր լեռնային երկրների բնության պահպանության միճազգային կոմիտեի առաջին սեսիայի ու գիտական կոնֆերանսի ( Երևան, 1971 թ., 21-28 հունիսի ) |
| 260 |
_aЕреван : _bИзд-во АН АрмССР, _c1972. |
||
| 300 |
_a160 с. : _bил. ; _c21 см. |
||
| 520 | 3 | _aРез. в конце ст.: англ. | |
| 650 | 1 | 4 | _aФизическая география. Геоморфология |
| 650 | 1 | 4 | _aОхрана природы горных областей |
| 650 | 1 | 4 | _aЗаповедники |
| 700 | 1 |
_aՄիրիմանյան, Խաչիկ Պողոսի, _d1899-1979 _eотв. ред. _4edt _91333 |
|
| 710 | 2 |
_aМеждународный союз охраны природы. _bГорный комитет _bСессия _n( 1 ; _d1971 ; _cЕреван ) |
|
| 710 | 2 | _aЦентральная лаборатория по охране природы МСХ СССР | |
| 710 | 2 | _aНаучный совет по охране природы АН АрмССР | |
| 711 | 2 |
_aНаучная конференция по охране горных ландшафтов _d( 1971 ; _cЕреван ) |
|
| 942 |
_2udc _cBK |
||
| 090 | _c38920 | ||
| 999 |
_c38303 _d38303 |
||